| 000 | 00450nam a2200181Ia 4500 | ||
|---|---|---|---|
| 001 | 23210 | ||
| 005 | 20260414150922.0 | ||
| 008 | 260414t2016||||xx |||||||||||||| ||spa|| | ||
| 041 | _aESP | ||
| 082 |
_a627 _bA64 |
||
| 100 |
_aAparicio Mijares, Francisco Javier _eAUT |
||
| 245 | 0 |
_aFundamentos de hidrologĂa de superficie _b |
|
| 260 | _c2016 | ||
| 300 |
_a303 páginas : _c21 cm. |
||
| 650 | _a0 | ||
| 654 | _aCIC | ||
| 942 |
_cLIB _dJUS _fJUS _2ddc _n |
||
| 999 |
_c23210 _d23210 |
||